| 000 | 00584nam a2200181Ia 4500 | ||
|---|---|---|---|
| 008 | 090124s9999 xx 000 0 und d | ||
| 082 | _b30824 | ||
| 100 | _aपाठक सरिता | ||
| 245 | _a भारतीय शास्त्रज्ञ | ||
| 250 | _a1 | ||
| 260 |
_bपरिमल प्रकाशन _c1992 |
||
| 300 | _a99 | ||
| 600 | _aपाठक सरिता | ||
| 630 | _a भारतीय शास्त्रज्ञ | ||
| 700 | _aपाठक सरिता | ||
| 730 | _a भारतीय शास्त्रज्ञ | ||
| 942 | _cBOOK | ||
| 999 |
_c96333 _d96333 |
||